[Event "Oberliga Bayern 2122"]
[Site "Bayern"]
[Date "2021.11.14"]
[Round "2.7"]
[White "Huber, Hans"]
[Black "Lohvinov, Petro"]
[Result "1/2-1/2"]
[WhiteElo "1895"]
[BlackElo "2209"]
[PlyCount "80"]
[EventDate "2021.10.24"]
[EventType "team-tourn"]
[EventRounds "9"]
[EventCountry "GER"]
[SourceTitle "EXT 2024"]
[Source "ChessBase"]
[SourceDate "2023.10.10"]
[SourceVersion "1"]
[SourceVersionDate "2023.10.10"]
[SourceQuality "1"]
[WhiteTeam "Trostberg"]
[BlackTeam "Muenchen Suedost"]
[WhiteTeamCountry "GER"]
[BlackTeamCountry "GER"]

1. Nf3 Nf6 2. c4 e6 3. g3 d5 4. Bg2 d4 5. d3 c5 6. 0-0 Nc6 7. e3 Bd6 8. exd4 cxd4 9. a3 a5 10. b3 0-0 11. Nbd2 e5 12. Qc2 Re8 13. Re1 h6 14. Bb2 Bf5 15. Nh4 Bh7 16. Ne4 Be7 17. Nf3 Bxe4 18. dxe4 Rc8 19. Red1 Qd7 20. Ne1 b5 21. cxb5 Na7 22. Qe2 Qxb5 23. Qxb5 Nxb5 24. Rdc1 Nc3 25. Bxc3 dxc3 26. Nc2 Red8 27. b4 axb4 28. axb4 Nd7 29. Rd1 Nb6 30. Bh3 Rb8 31. Bf1 Bg5 32. Rd3 Rdc8 33. Ra7 Bd2 34. Rd6 Ra8 35. Rxa8 Nxa8 36. b5 Rb8 37. Bd3 Nb6 38. Kf1 Kf8 39. Ke2 Ke7 40. Rc6 Nc8 1/2-1/2

[Event "Landesliga Sued 1819"]
[Site "Bayern"]
[Date "2018.11.25"]
[Round "3.8"]
[White "Huber, Hans"]
[Black "Chen, Victor1111"]
[Result "0-1"]
[WhiteElo "1885"]
[BlackElo "1866"]
[PlyCount "20"]
[EventDate "2018.10.21"]
[EventType "team-tourn"]
[EventRounds "9"]
[EventCountry "GER"]
[SourceTitle "EXT 2022"]
[Source "ChessBase"]
[SourceDate "2021.10.06"]
[SourceVersion "1"]
[SourceVersionDate "2021.10.06"]
[SourceQuality "1"]
[WhiteTeam "Trostberg TSV"]
[BlackTeam "Muenchen Tarrasch"]
[WhiteTeamCountry "GER"]
[BlackTeamCountry "GER"]

1. Nf3 Nf6 2. c4 e6 3. g3 d5 4. Bg2 Bd6 5. d4 c6 6. b3 Qc7 7. Bb2 Nbd7 8. Nbd2 Ne4 9. Nxe4 dxe4 10. Ng5 Qa5+ 0-1

[Event "Regionalliga Sued-Ost 1718"]
[Site "Bayern"]
[Date "2017.11.12"]
[Round "2.8"]
[White "Thiering, Erwin"]
[Black "Huber, Hans"]
[Result "1/2-1/2"]
[WhiteElo "1878"]
[BlackElo "1894"]
[PlyCount "121"]
[EventDate "2017.10.22"]
[EventType "team-tourn"]
[EventRounds "9"]
[EventCountry "GER"]
[SourceTitle "EXT 2022"]
[Source "ChessBase"]
[SourceDate "2021.10.06"]
[SourceVersion "1"]
[SourceVersionDate "2021.10.06"]
[SourceQuality "1"]
[WhiteTeam "Germering"]
[BlackTeam "Trostberg TSV"]
[WhiteTeamCountry "GER"]
[BlackTeamCountry "GER"]

1. e4 e6 2. Qe2 c5 3. Nf3 Nc6 4. c3 Nge7 5. g3 d6 6. Bg2 g6 7. 0-0 Bg7 8. d3 0-0 9. Bf4 e5 10. Be3 f5 11. Bg5 h6 12. Bxe7 Nxe7 13. h3 Be6 14. Nbd2 Qd7 15. Kh2 Rac8 16. b3 g5 17. Ng1 f4 18. g4 Rfd8 19. c4 Qe8 20. Ngf3 Bf6 21. Ng1 Nc6 22. f3 Kg7 23. Qf2 h5 24. Ne2 Nb4 25. Nc1 Nc2 26. Rb1 Ne3 27. Re1 hxg4 28. fxg4 Bxg4 29. Rxe3 fxe3 30. Qxe3 Qh5 31. Kg1 Be6 32. Ne2 Rh8 33. Ng3 Qg6 34. Rf1 Rcf8 35. Nf5+ Bxf5 36. exf5 Qh5 37. Qe4 Rf7 38. Nf3 Rg8 39. Nh2 Rgf8 40. Ng4 Rd7 41. Rf3 Qf7 42. Ne3 Rh8 43. Rg3 Kf8 44. Nd5 Rh4 45. Rg4 Qg7 46. Ne3 Qh7 47. Rxh4 gxh4 48. Ng4 Bg5 49. f6 Qxe4 50. Bxe4 Rf7 51. Bd5 Bxf6 52. Bxf7 Kxf7 53. Kf2 Ke6 54. Kf3 Bg5 55. Ke4 Bd2 56. Nh2 Bg5 57. a4 a6 58. Nf3 Bd8 59. Ng1 Bc7 60. Ne2 Ba5 61. Ng1 1/2-1/2

[Event "Landesliga Sued 1516"]
[Site "Bayern"]
[Date "2016.01.31"]
[Round "6.8"]
[White "Huber, Hans"]
[Black "Kuecher, Wolfgang"]
[Result "0-1"]
[WhiteElo "1911"]
[BlackElo "2129"]
[PlyCount "104"]
[EventDate "2015.10.11"]
[EventType "team-tourn"]
[EventRounds "9"]
[EventCountry "GER"]
[SourceTitle "EXT 2018"]
[Source "ChessBase"]
[SourceDate "2017.10.13"]
[SourceVersion "1"]
[SourceVersionDate "2017.10.13"]
[SourceQuality "1"]
[WhiteTeam "Trostberg"]
[BlackTeam "Rottal"]
[WhiteTeamCountry "GER"]
[BlackTeamCountry "GER"]

1. Nf3 g6 2. c4 Bg7 3. d4 Nf6 4. Nc3 c5 5. d5 0-0 6. e4 d6 7. h3 e6 8. Be2 exd5 9. exd5 Re8 10. 0-0 Na6 11. Be3 Nc7 12. Qd2 Rb8 13. a4 a6 14. Rab1 Bf5 15. Bd3 Qd7 16. Bxf5 Qxf5 17. Bf4 Qd7 18. Qd3 Red8 19. Rfe1 b5 20. axb5 axb5 21. b3 b4 22. Ne4 Nxe4 23. Qxe4 Bc3 24. Bd2 Bf6 25. Qd3 Re8 26. Rxe8+ Nxe8 27. Bc1 Ra8 28. Bb2 Ra2 29. Bxf6 Nxf6 30. Re1 Kg7 31. Re2 Ra1+ 32. Re1 Qa7 33. Rxa1 Qxa1+ 34. Kh2 Qc3 35. Qe3 Qxe3 36. fxe3 Ne4 37. Kg1 f5 38. Kf1 g5 39. Ke2 h5 40. Kd3 Kf6 41. Nh2 Kg6 42. Ke2 h4 43. Nf1 g4 44. Nd2 Ng5 45. hxg4 fxg4 46. Nf1 Kf5 47. Nh2 Ne4 48. Nf1 g3 49. Kf3 Ng5+ 50. Ke2 Kg4 51. Kd3 h3 52. gxh3+ Kxh3 0-1

[Event "Landesliga Sued 1516"]
[Site "Bayern"]
[Date "2015.12.13"]
[Round "4.7"]
[White "Giss, Arthur"]
[Black "Huber, Hans"]
[Result "1-0"]
[WhiteElo "2006"]
[BlackElo "1911"]
[PlyCount "63"]
[EventDate "2015.10.11"]
[EventType "team-tourn"]
[EventRounds "9"]
[EventCountry "GER"]
[SourceTitle "EXT 2018"]
[Source "ChessBase"]
[SourceDate "2017.10.13"]
[SourceVersion "1"]
[SourceVersionDate "2017.10.13"]
[SourceQuality "1"]
[WhiteTeam "Dillingen"]
[BlackTeam "Trostberg"]
[WhiteTeamCountry "GER"]
[BlackTeamCountry "GER"]

1. e4 e6 2. d4 d5 3. Nd2 dxe4 4. Nxe4 Nd7 5. Bd3 Ngf6 6. Nf3 Be7 7. 0-0 0-0 8. Qe2 b6 9. Re1 Bb7 10. Neg5 Bd6 11. Ne5 Qe7 12. Bb5 c5 13. Qd3 h6 14. Nxd7 hxg5 15. Nxf8 Kxf8 16. Qh3 g4 17. Qh8+ Ng8 18. dxc5 Bxc5 19. Be3 Bxe3 20. Rxe3 Qg5 21. Bd3 Ke7 22. h4 gxh3 23. Qxh3 Nh6 24. Qg3 Qxg3 25. Rxg3 g6 26. Re1 Rc8 27. Ree3 Rc7 28. b3 Rd7 29. Rg5 Ng8 30. f3 Nf6 31. Bc4 Bc6 32. a4 1-0

[Event "Regionalliga SO 1415"]
[Site "Bayern"]
[Date "2014.11.23"]
[Round "3.7"]
[White "Huber, Hans"]
[Black "Guenes, Erdogan"]
[Result "0-1"]
[WhiteElo "1911"]
[BlackElo "1970"]
[PlyCount "60"]
[EventDate "2014.10.19"]
[EventType "team-tourn"]
[EventRounds "9"]
[EventCountry "GER"]
[SourceTitle "EXT 2018"]
[Source "ChessBase"]
[SourceDate "2017.10.13"]
[SourceVersion "1"]
[SourceVersionDate "2017.10.13"]
[SourceQuality "1"]
[WhiteTeam "Trostberg"]
[BlackTeam "Waldkraiburg"]
[WhiteTeamCountry "GER"]
[BlackTeamCountry "GER"]

1. Nf3 c5 2. c4 Nc6 3. g3 e5 4. Nc3 g6 5. Bg2 Bg7 6. 0-0 Nge7 7. d3 h6 8. e4 0-0 9. Be3 d6 10. Qd2 Kh7 11. Ne1 f5 12. f4 Nd4 13. Nd5 Rb8 14. Bxd4 cxd4 15. Nxe7 Qxe7 16. Nc2 b5 17. cxb5 Rxb5 18. Na3 Rc5 19. Rac1 fxe4 20. Bxe4 d5 21. Rxc5 Qxc5 22. Bg2 exf4 23. Rxf4 Rxf4 24. Qxf4 Bf5 25. Qd2 h5 26. Qc2 Qa5 27. Kf1 Bh6 28. Bf3 Be3 29. Qb3 Bh3+ 30. Bg2 Qd2 0-1

[Event "Regionalliga SO 1213"]
[Site "Bayern"]
[Date "2013.04.14"]
[Round "9.4"]
[White "Wuerdinger, Alexander"]
[Black "Huber, Hans"]
[Result "1/2-1/2"]
[WhiteElo "2076"]
[BlackElo "1897"]
[PlyCount "114"]
[EventDate "2012.10.14"]
[EventType "team-tourn"]
[EventRounds "9"]
[EventCountry "GER"]
[SourceTitle "EXT 2015"]
[Source "ChessBase"]
[SourceDate "2014.11.20"]
[SourceVersion "1"]
[SourceVersionDate "2014.11.20"]
[SourceQuality "1"]
[WhiteTeam "Graefelfing"]
[BlackTeam "Trostberg"]
[WhiteTeamCountry "GER"]
[BlackTeamCountry "GER"]

1. d4 Nf6 2. c4 g6 3. Nc3 Bg7 4. Nf3 d6 5. e4 0-0 6. Be2 e5 7. 0-0 Nc6 8. d5 Ne7 9. b4 Ne8 10. c5 h6 11. cxd6 cxd6 12. Ba3 f5 13. Nd2 fxe4 14. Ndxe4 Nf5 15. Rc1 Rf7 16. Qa4 Bd7 17. b5 Bf8 18. Rfd1 Nd4 19. Rxd4 exd4 20. Qxd4 Bf5 21. g4 Bg7 22. Qe3 Bxe4 23. Nxe4 Kh7 24. Bd3 Be5 25. Qh3 Kg7 26. Rc4 Qe7 27. Bc1 Bf4 28. Bxf4 Rxf4 29. Qg3 g5 30. h4 Nf6 31. hxg5 hxg5 32. Nxg5 Rxc4 33. Bxc4 Ne4 34. Qe3 Qxg5 35. Qxe4 Qe5 36. Bd3 Qxe4 37. Bxe4 Rf8 38. Kg2 Kh6 39. Kg3 Kg5 40. Bf5 b6 41. f4+ Kf6 42. Be6 Rh8 43. g5+ Kg6 44. Bh3 Re8 45. Kg4 Re4 46. Bg2 Ra4 47. Bf3 Rb4 48. a3 Ra4 49. Bd1 Rc4 50. Bb3 Rc1 51. f5+ Kf7 52. Kf4 Rf1+ 53. Ke4 Re1+ 54. Kd4 Rg1 55. g6+ Kf6 56. Bc2 Rg4+ 57. Be4 Rg3 1/2-1/2

[Event "Regionalliga SO 1112"]
[Site "Bayern"]
[Date "2012.02.26"]
[Round "7.8"]
[White "Huber, Hans"]
[Black "Steiner, Marcus"]
[Result "1/2-1/2"]
[WhiteElo "1901"]
[BlackElo "1978"]
[PlyCount "44"]
[EventDate "2011.10.02"]
[EventType "team-tourn"]
[EventRounds "9"]
[EventCountry "GER"]
[SourceTitle "EXT 2015"]
[Source "ChessBase"]
[SourceDate "2014.11.20"]
[SourceVersion "1"]
[SourceVersionDate "2014.11.20"]
[SourceQuality "1"]
[WhiteTeam "Trostberg"]
[BlackTeam "Tegernsee"]
[WhiteTeamCountry "GER"]
[BlackTeamCountry "GER"]

1. Nf3 c5 2. c4 Nc6 3. g3 g6 4. Bg2 Bg7 5. 0-0 e6 6. d3 Nge7 7. Nc3 0-0 8. e4 d6 9. Be3 e5 10. Ne1 Rb8 11. Qd2 a6 12. Bh6 Nd4 13. Bxg7 Kxg7 14. Nc2 Nxc2 15. Qxc2 Nc6 16. Ne2 Bg4 17. f3 Bd7 18. f4 Bg4 19. Bf3 Bh3 20. Bg2 Bg4 21. Bf3 Bh3 22. Bg2 Bg4 1/2-1/2

[Event "Regionalliga SO 1112"]
[Site "Bayern"]
[Date "2012.02.05"]
[Round "6.7"]
[White "Huber, Hans"]
[Black "Kramer, Melik Kurt"]
[Result "1/2-1/2"]
[WhiteElo "1901"]
[BlackElo "1896"]
[PlyCount "24"]
[EventDate "2011.10.02"]
[EventType "team-tourn"]
[EventRounds "9"]
[EventCountry "GER"]
[SourceTitle "EXT 2013"]
[Source "ChessBase"]
[SourceDate "2012.11.22"]
[SourceVersion "1"]
[SourceVersionDate "2012.11.22"]
[SourceQuality "1"]
[WhiteTeam "Trostberg"]
[BlackTeam "Ebersberg Grafing"]
[WhiteTeamCountry "GER"]
[BlackTeamCountry "GER"]

1. Nf3 d5 2. c4 c6 3. g3 Nf6 4. Qc2 Bg4 5. Bg2 e6 6. 0-0 Be7 7. d3 0-0 8. b3 Nbd7 9. Bb2 Qc7 10. Nbd2 Rac8 11. Rac1 Rfd8 12. a3 Bh5 1/2-1/2

[Event "Regionalliga SO 0809"]
[Site "Bayern"]
[Date "2008.10.26"]
[Round "2.6"]
[White "Dost, Andreas"]
[Black "Huber, Hans"]
[Result "1-0"]
[WhiteElo "2012"]
[BlackElo "1921"]
[PlyCount "93"]
[EventDate "2008.10.05"]
[EventType "team-tourn"]
[EventRounds "9"]
[EventCountry "GER"]
[SourceTitle "EXT 2020"]
[Source "ChessBase"]
[SourceDate "2019.10.17"]
[SourceVersion "1"]
[SourceVersionDate "2019.10.17"]
[SourceQuality "1"]
[WhiteTeam "Freising"]
[BlackTeam "Trostberg"]
[WhiteTeamCountry "GER"]
[BlackTeamCountry "GER"]

1. c4 Nf6 2. Nf3 g6 3. g3 Bg7 4. Nc3 d6 5. d4 Nbd7 6. Bg2 0-0 7. 0-0 e5 8. h3 h6 9. e4 c6 10. Be3 Qe7 11. Re1 Re8 12. Qc2 b6 13. Rad1 Bb7 14. b4 Red8 15. Qb3 Rac8 16. d5 c5 17. a3 Kh7 18. Nd2 Nh5 19. Bf3 Bf6 20. Nb5 a6 21. Na7 Rc7 22. b5 Bxd5 23. cxd5 Rxa7 24. bxa6 Rxa6 25. Be2 Ra7 26. Bb5 Ng7 27. Nc4 Ne8 28. Nxb6 Nxb6 29. Bxe8 Qxe8 30. Qxb6 Rxa3 31. Bxc5 dxc5 32. Qxf6 Ra7 33. Rb1 Qe7 34. Qb6 Rc7 35. Red1 Rd6 36. Qa5 f5 37. Rb6 fxe4 38. Rb8 Qd7 39. Qa8 Qg7 40. Rc8 c4 41. Qb8 Rcd7 42. Ra1 Rxd5 43. Ra8 Qf7 44. Rh8+ Kg7 45. Rh7+ Kf6 46. Rxf7+ Kxf7 47. Qf8+ 1-0

[Event "Regionalliga SO 0607"]
[Site "Bayern"]
[Date "2007.03.18"]
[Round "7.7"]
[White "Koenig, Josef"]
[Black "Huber, Hans"]
[Result "1/2-1/2"]
[WhiteElo "1868"]
[BlackElo "1916"]
[PlyCount "100"]
[EventDate "2006.10.15"]
[EventType "team-tourn"]
[EventRounds "9"]
[EventCountry "GER"]
[SourceTitle "EXT 2008"]
[Source "ChessBase"]
[SourceDate "2007.11.25"]
[SourceVersion "1"]
[SourceVersionDate "2007.11.25"]
[SourceQuality "1"]
[WhiteTeam "Straubing"]
[BlackTeam "Trostberg"]
[WhiteTeamCountry "GER"]
[BlackTeamCountry "GER"]

1. d4 Nf6 2. Bf4 d5 3. Nf3 e6 4. e3 c5 5. c3 Nc6 6. Nbd2 Be7 7. Bd3 0-0 8. 0-0 b6 9. Ne5 Bb7 10. Nxc6 Bxc6 11. Nf3 Rc8 12. Ba6 Ra8 13. Ne5 Qe8 14. Bd3 Bb5 15. a4 Bxd3 16. Qxd3 c4 17. Qc2 Rc8 18. f3 Nh5 19. Bg3 Nxg3 20. hxg3 Bd6 21. f4 Bxe5 22. fxe5 f6 23. exf6 Rxf6 24. Rxf6 gxf6 25. Rf1 Kg7 26. Rf4 Qg6 27. Qe2 f5 28. Qf3 h5 29. Rh4 Kh6 30. Qf4+ Qg5 31. Qe5 Re8 32. Kf2 Kg6 33. Kf3 Qe7 34. Rh1 Qg5 35. Qf4 Re7 36. Qb8 Kg7 37. Rh4 Rf7 38. Qe8 Qh6 39. Qb8 Qg5 40. Qd6 Qh6 41. Qd8 Rf8 42. Qc7+ Rf7 43. Qe5+ Rf6 44. Ke2 Kg6 45. Qb8 Rf7 46. Kf3 Kg7 47. Qd8 Rf8 48. Qc7+ Rf7 49. Qe5+ Rf6 50. Qf4 Qg6 1/2-1/2

[Event "Regionalliga SO 0506"]
[Site "Bayern"]
[Date "2006.03.12"]
[Round "8.6"]
[White "Stauber, Volker"]
[Black "Huber, Hans"]
[Result "1/2-1/2"]
[WhiteElo "1856"]
[BlackElo "1907"]
[PlyCount "89"]
[EventDate "2005.10.23"]
[EventType "team-tourn"]
[EventRounds "9"]
[EventCountry "GER"]
[SourceTitle "EXT 2007"]
[Source "ChessBase"]
[SourceDate "2006.11.23"]
[SourceVersion "1"]
[SourceVersionDate "2006.11.23"]
[SourceQuality "1"]
[WhiteTeam "Passau II"]
[BlackTeam "Trostberg TSV"]
[WhiteTeamCountry "GER"]
[BlackTeamCountry "GER"]

1. d4 Nf6 2. Nf3 g6 3. Bg5 Bg7 4. c3 d6 5. Nbd2 0-0 6. e4 Nc6 7. Bc4 e5 8. d5 Ne7 9. Be2 h6 10. Bxf6 Bxf6 11. h4 Bg7 12. Qb3 c6 13. dxc6 bxc6 14. Rd1 d5 15. Nf1 Qa5 16. N1d2 Be6 17. a4 dxe4 18. Bc4 Bd5 19. Bxd5 cxd5 20. Nh2 Rab8 21. Qc2 Qb6 22. b4 e3 23. Nb3 exf2+ 24. Qxf2 Qxf2+ 25. Kxf2 d4 26. Nc5 Rfd8 27. Na6 Rbc8 28. cxd4 Rc2+ 29. Kf3 exd4 30. Rd3 Nd5 31. Re1 Rc3 32. Red1 f5 33. Nc5 Re8 34. Rxc3 Nxc3 35. Rd3 Kf7 36. Nf1 Re1 37. Nd2 Re7 38. Nc4 Ne4 39. Nb3 Rd7 40. g4 Nc3 41. gxf5 gxf5 42. Ne3 Kg6 43. Nc5 Re7 44. Ng2 Nd5 45. b5 1/2-1/2

[Event "Regionalliga SO 0304"]
[Site "Bayern"]
[Date "2003.11.02"]
[Round "2.8"]
[White "Huber, Hans"]
[Black "Soergel, Thomas"]
[Result "1/2-1/2"]
[WhiteElo "1929"]
[BlackElo "2056"]
[PlyCount "113"]
[EventDate "2003.10.??"]
[EventType "team"]
[EventRounds "9"]
[EventCountry "GER"]
[SourceTitle "EXT 2006"]
[Source "ChessBase"]
[SourceDate "2005.11.24"]
[SourceVersion "1"]
[SourceVersionDate "2005.11.24"]
[SourceQuality "1"]
[WhiteTeam "Trostberg"]
[BlackTeam "Graefelfing"]
[WhiteTeamCountry "GER"]
[BlackTeamCountry "GER"]

1. Nf3 d5 2. g3 g6 3. Bg2 Bg7 4. d4 Nf6 5. 0-0 0-0 6. Nbd2 Nbd7 7. c4 c6 8. b3 Re8 9. Bb2 dxc4 10. Nxc4 Nb6 11. e3 Bg4 12. h3 Nxc4 13. bxc4 Be6 14. Qc2 Bf5 15. Qb3 Qc8 16. Kh2 Be4 17. Nd2 Bxg2 18. Kxg2 Nd7 19. Nf3 e5 20. dxe5 Nxe5 21. Nxe5 Bxe5 22. Bxe5 Rxe5 23. Qd3 Re8 24. Rfd1 Rd8 25. Qe4 Qc7 26. Rab1 Rxd1 27. Rxd1 Rd8 28. Rxd8+ Qxd8 29. h4 h5 30. Qe5 b6 31. Qe4 Qd7 32. Qe5 b5 33. cxb5 cxb5 34. Qe4 Kh7 35. a3 a5 36. Kh2 Qf5 37. Qg2 b4 38. axb4 axb4 39. e4 Qe6 40. f4 Qc4 41. e5 Qb5 42. Qe4 b3 43. e6 f5 44. Qe3 b2 45. e7 b1Q 46. e8Q Qc2+ 47. Kg1 Qd1+ 48. Qe1 Qc5+ 49. Kg2 Qcd5+ 50. Kg1 Q5d4+ 51. Kg2 Qb2+ 52. Kg1 Qbd4+ 53. Kg2 Qd5+ 54. Kg1 Qc5+ 55. Kg2 Qcc2+ 56. Kg1 Qd4+ 57. Q8e3 1/2-1/2

[Event "Regionalliga SO 0203"]
[Site "Bayern"]
[Date "2002.10.20"]
[Round "1.7"]
[White "Wagner, Hermann"]
[Black "Huber, Hans"]
[Result "1/2-1/2"]
[WhiteElo "1834"]
[BlackElo "1969"]
[PlyCount "43"]
[EventDate "2002.10.20"]
[EventType "team"]
[EventRounds "9"]
[EventCountry "GER"]
[SourceTitle "EXT 2004"]
[Source "ChessBase"]
[SourceDate "2003.11.25"]
[SourceVersion "1"]
[SourceVersionDate "2003.11.25"]
[SourceQuality "1"]
[WhiteTeam "Landshut"]
[BlackTeam "Trostberg"]
[WhiteTeamCountry "GER"]
[BlackTeamCountry "GER"]

1. e4 e6 2. d4 d5 3. Nc3 Nf6 4. Bg5 dxe4 5. Nxe4 Nbd7 6. Nf3 Be7 7. Nxf6+ Nxf6 8. Bd3 0-0 9. 0-0 c5 10. c3 cxd4 11. Nxd4 e5 12. Nf5 Bxf5 13. Bxf5 h6 14. Bh4 Qxd1 15. Raxd1 Rad8 16. Bg3 Bd6 17. Rfe1 Nh5 18. Bc2 Nxg3 19. hxg3 Bc7 20. Rxd8 Rxd8 21. Rd1 Rxd1+ 22. Bxd1 1/2-1/2

[Event "Regionalliga SO 0102"]
[Site "Bayern"]
[Date "2002.04.14"]
[Round "8.7"]
[White "Huber, Hans"]
[Black "Marquardt, Christian"]
[Result "1-0"]
[WhiteElo "1930"]
[BlackElo "2050"]
[PlyCount "109"]
[EventDate "2001.10.07"]
[EventType "team"]
[EventRounds "9"]
[EventCountry "GER"]
[SourceTitle "EXT 2003"]
[Source "ChessBase"]
[SourceDate "2002.11.25"]
[SourceVersion "1"]
[SourceVersionDate "2002.11.25"]
[SourceQuality "1"]
[WhiteTeam "Trostberg"]
[BlackTeam "Tegernsee II"]
[WhiteTeamCountry "GER"]
[BlackTeamCountry "GER"]

1. Nf3 Nf6 2. g3 d5 3. Bg2 Bg4 4. c4 c6 5. cxd5 cxd5 6. Ne5 Bf5 7. Qa4+ Nbd7 8. Nc3 e6 9. Nxd7 Nxd7 10. d3 Be7 11. e4 dxe4 12. dxe4 Bg6 13. 0-0 a6 14. Rd1 b5 15. Qb3 Qc8 16. Be3 Ne5 17. Rac1 Qc4 18. Nd5 Qxb3 19. Nc7+ Kf8 20. axb3 Rd8 21. Rxd8+ Bxd8 22. Nxa6 Ke7 23. Nb4 Ba5 24. Bc5+ Kd7 25. Rd1+ Kc8 26. f4 Bxb4 27. Bxb4 Nc6 28. Rc1 Kd7 29. Rd1+ Kc8 30. Bc5 Rd8 31. Rxd8+ Nxd8 32. Kf2 f5 33. exf5 exf5 34. Ke3 Ne6 35. b4 Be8 36. h3 Kc7 37. Bd4 Bc6 38. Be5+ Kd7 39. Bf1 h5 40. Be2 g6 41. g4 hxg4 42. hxg4 fxg4 43. Bxg4 Ke7 44. Be2 Kf7 45. Bd3 Be8 46. Be4 Ke7 47. Bd5 Kd7 48. Ke4 Bf7 49. Bb8 Ke7 50. Ke5 Bg8 51. Bc6 Nd8 52. Bd6+ Kf7 53. Bxb5 Kg7 54. Bd7 Bb3 55. Bc7 1-0

[Event "Regionalliga SO 0102"]
[Site "Bayern"]
[Date "2002.02.03"]
[Round "5.8"]
[White "Huber, Hans"]
[Black "Haletzki, Bernd"]
[Result "1-0"]
[WhiteElo "1930"]
[BlackElo "1960"]
[PlyCount "71"]
[EventDate "2001.10.07"]
[EventType "team"]
[EventRounds "9"]
[EventCountry "GER"]
[SourceTitle "EXT 2003"]
[Source "ChessBase"]
[SourceDate "2002.11.25"]
[SourceVersion "1"]
[SourceVersionDate "2002.11.25"]
[SourceQuality "1"]
[WhiteTeam "Trostberg"]
[BlackTeam "Straubing"]
[WhiteTeamCountry "GER"]
[BlackTeamCountry "GER"]

1. f4 d5 2. Nf3 Nf6 3. e3 e6 4. b3 Be7 5. Bb2 0-0 6. Be2 c5 7. 0-0 Nc6 8. Bb5 Bd7 9. Bxc6 Bxc6 10. d3 b5 11. Qe2 Qb6 12. Ne5 Bb7 13. Nd2 Rac8 14. Ndf3 Ba6 15. g4 Qb7 16. g5 Nd7 17. Nxd7 Qxd7 18. Ne5 Qd8 19. Qh5 f6 20. g6 h6 21. Ng4 Bd6 22. Rf3 Qe7 23. Raf1 d4 24. e4 f5 25. Ne5 Bxe5 26. fxe5 Bb7 27. Bc1 c4 28. R3f2 cxd3 29. cxd3 Rc3 30. exf5 exf5 31. Rxf5 Rxf5 32. Qxf5 Rc2 33. Qf7+ Qxf7 34. gxf7+ Kh7 35. Re1 Rc8 36. Ba3 1-0

[Event "Regionalliga SO 0001"]
[Site "Bayern"]
[Date "2001.04.09"]
[Round "9"]
[White "Benischek, Wolfgang"]
[Black "Huber, Hans"]
[Result "1-0"]
[WhiteElo "2040"]
[BlackElo "1965"]
[PlyCount "81"]
[EventDate "2000.10.15"]
[EventType "team-tourn"]
[EventRounds "9"]
[EventCountry "GER"]
[SourceTitle "EXT 2020"]
[Source "ChessBase"]
[SourceDate "2019.10.17"]
[SourceVersion "1"]
[SourceVersionDate "2019.10.17"]
[SourceQuality "1"]
[WhiteTeam "Freising SK"]
[BlackTeam "Trostberg TSV"]
[WhiteTeamCountry "GER"]
[BlackTeamCountry "GER"]

1. e4 c6 2. d4 d5 3. Nd2 dxe4 4. Nxe4 Nd7 5. Bc4 Ngf6 6. Ng5 e6 7. Qe2 Nb6 8. Bb3 h6 9. N5f3 c5 10. c3 Qc7 11. Nh3 Bd6 12. dxc5 Bxc5 13. 0-0 0-0 14. Bf4 Bd6 15. Bxd6 Qxd6 16. Rad1 Qc7 17. Ne5 Bd7 18. Rd4 Rad8 19. Rfd1 Bc8 20. Nf4 Rxd4 21. Rxd4 Nbd5 22. Nfd3 Rd8 23. Bc2 Ne7 24. Rc4 Qd6 25. g4 Nfd5 26. Rd4 f6 27. c4 fxe5 28. Nxe5 Qb6 29. Qd3 Qc7 30. f4 g6 31. cxd5 Rxd5 32. Rxd5 exd5 33. Qb5 Kg7 34. Qd3 Bd7 35. Qd4 Kh7 36. f5 gxf5 37. Nxd7 Qxd7 38. gxf5 Nxf5 39. Qf6 Qc7 40. Bxf5+ Kg8 41. Be6+ 1-0

[Event "Regionalliga SO 0001"]
[Site "Bayern"]
[Date "2001.03.11"]
[Round "7"]
[White "Thuemmler, Manfred"]
[Black "Huber, Hans"]
[Result "1-0"]
[WhiteElo "2000"]
[BlackElo "1965"]
[PlyCount "67"]
[EventDate "2000.10.15"]
[EventType "team-tourn"]
[EventRounds "9"]
[EventCountry "GER"]
[SourceTitle "EXT 2020"]
[Source "ChessBase"]
[SourceDate "2019.10.17"]
[SourceVersion "1"]
[SourceVersionDate "2019.10.17"]
[SourceQuality "1"]
[WhiteTeam "Tegernsee TV II"]
[BlackTeam "Trostberg TSV"]
[WhiteTeamCountry "GER"]
[BlackTeamCountry "GER"]

1. e4 e6 2. d4 d5 3. Nc3 Nf6 4. Bg5 dxe4 5. Nxe4 Be7 6. Bxf6 gxf6 7. Nf3 b6 8. Bb5+ c6 9. Bc4 Bb7 10. 0-0 Nd7 11. Re1 Qc7 12. Qe2 0-0-0 13. Ba6 Bxa6 14. Qxa6+ Qb7 15. Qe2 Rhg8 16. c4 f5 17. Nc3 Bf6 18. a4 Nb8 19. Red1 a5 20. Rac1 Na6 21. Ne5 Bxe5 22. Qxe5 Qc7 23. Qe3 Kb7 24. Qf3 Kb8 25. Ne2 Rg4 26. h3 Re4 27. d5 cxd5 28. cxd5 Nc5 29. Nc3 Rb4 30. Nb5 Qf4 31. dxe6 Rxd1+ 32. Qxd1 Nxe6 33. Rc6 Rc4 34. Rxb6+ 1-0